F1 World Champions - Statistiques

Statistiques générales
  • Ce quiz a été pris 812 fois
  • Le résultat moyen est 19 sur 33
Statistiques - réponses
Année Pilote % Correct
2008-2014-2015-2017-2018-2019-2020 Lewis Hamilton
95%
1982 Keke Rosberg
88%
2016 Nico Rosberg
88%
2010-2011-2012-2013 Sebastian Vettel
88%
1993-1995-2000-2001-2002-2003-2004 Michael Schumacher
87%
2005-2006 Fernando Alonso
86%
1985-1986-1989-1993 Alain Prost
85%
1988-1990-1991 Ayrton Senna
85%
1951-1954-1955-1956-1957 Juan Manuel Fangio
80%
2009 Jenson Button
76%
2007 Kimi Räikkönen
71%
1997 Jacques Villeneuve
69%
1996 Damon Hill
68%
1962-1968 Graham Hill
68%
1975-1977-1984 Niki Lauda
68%
1961 Phil Hill
68%
1998-1999 Mika Häkkinen
66%
1952-1953 Alberto Ascari
58%
1950 Giuseppe Farina
55%
1981-1983-1987 Nelson Piquet
54%
1992 Nigel Mansell
47%
1976 James Hunt
45%
1969-1971-1973 Jackie Stewart
38%
1963-1965 Jim Clark
36%
1959-1960-1966 Jack Brabham
31%
1972-1974 Emerson Fittipaldi
29%
1980 Alan Jones
26%
1978 Mario Andretti
24%
1970 Jochen Rindt
22%
1964 John Surtees
22%
1967 Denny Hulme
21%
1958 Mike Hawthorn
21%
1979 Jody Scheckter
19%
Aucun quiz correspondant
Distribution des résultats
% des personnes avec chaque résultat
Percentile par nombre de réponses
Votre historique - résultats
Vous n’avez pas pris ce quiz